| 000 | 00599nam a2200205 a 4500 | ||
|---|---|---|---|
| 005 | 20240419063743.0 | ||
| 008 | 090513s2006 mx r 000 0 spa d | ||
| 020 | _a9788466752084 | ||
| 035 | _aUPN01000170419 | ||
| 049 | _aI | ||
| 050 | 4 |
_aPZ74 _bM6.6 |
|
| 100 | 1 |
_aMonreal, Violeta, _d1963- _929361 |
|
| 245 | 1 | 0 |
_aPamela Panamá contra la bruja descalza / _cVioleta Monreal. |
| 260 |
_aMadrid : _bAnaya, _c2006. |
||
| 300 |
_a122 p. : _bil. col. |
||
| 440 | 3 |
_aEl duende verde ; _v147 |
|
| 650 | 0 |
_aCuentos de hadas _95259 |
|
| 650 | 4 |
_aBRUJAS - _vLITERATURA INFANTIL _94409 |
|
| 905 | _aInfantil | ||
| 999 |
_c142524 _d142524 |
||